000 00548nam a2200169 4500
005 20260307162550.0
008 260307b |||||||| |||| 00| 0 eng d
020 _a978-93-91558-05-5
041 _aMarathi
082 _a891.46 SAG
100 _aसगट, अंबादास
_9216779
245 _aमराठी शाहिरी वाड्:मय परंपरा आणि अण्णाभाऊ साठे
260 _aPune
_bBharatiya Vichar Sadhana
_c2021
300 _a95p
_bpb
365 _aRupaye
_b100
_cINR
942 _cBK
999 _c370593
_d370593